| Tag |
First Indicator |
Second Indicator |
Subfields |
| LEADER |
00000cgm a2200000 i 4500 |
| 001 |
in00005595521 |
| 006 |
m o c |
| 007 |
cr |n||||||||a |
| 007 |
vz |za|z| |
| 008 |
211109s2020 enk003 e o vneng d |
| 005 |
20241201233744.2 |
| 035 |
|
|
|a (OCoLC)on1288160938
|
| 040 |
|
|
|a ALSTP
|b eng
|e rda
|c ALSTP
|d OCLCF
|d OCLCO
|d CJT
|d OCLCL
|d OCLCQ
|d DXU
|d OCLCO
|
| 019 |
|
|
|a 1373412744
|a 1444021129
|
| 024 |
8 |
|
|a ASP5146852/marc
|
| 035 |
|
|
|a (OCoLC)1288160938
|z (OCoLC)1373412744
|z (OCoLC)1444021129
|
| 043 |
|
|
|a n-us---
|
| 049 |
|
|
|a TXAM
|
| 245 |
0 |
0 |
|a What if inflation returns? /
|c produced by Financial Times.
|
| 264 |
|
1 |
|a London, England :
|b Financial Times (Newspaper),
|c 2020.
|
| 300 |
|
|
|a 1 online resource (3 minutes)
|
| 306 |
|
|
|a 000248
|
| 336 |
|
|
|a two-dimensional moving image
|b tdi
|2 rdacontent
|
| 337 |
|
|
|a computer
|b c
|2 rdamedia
|
| 337 |
|
|
|a video
|b v
|2 rdamedia
|
| 338 |
|
|
|a online resource
|b cr
|2 rdacarrier
|
| 347 |
|
|
|a video file
|2 rdaft
|
| 490 |
0 |
|
|a Academic Video Online
|
| 500 |
|
|
|a Title from resource description page (viewed December 2, 2021).
|
| 520 |
|
|
|a While most people think interest rates will remain low for a long time, the FT's Robert Armstrong looks at the key factor that could upset that consensus. "Inflation" and what effect an increase in inflation would have on recent gains by tech stocks such as Amazon, Netflix and Apple.
|
| 546 |
|
|
|a In English.
|
| 650 |
|
0 |
|a Interest rates
|x Effect of inflation on.
|
| 650 |
|
0 |
|a Stock exchanges.
|
| 650 |
|
0 |
|a Inflation (Finance)
|z United States.
|
| 650 |
|
0 |
|a Investments.
|
| 650 |
|
0 |
|a Speculation.
|
| 651 |
|
0 |
|a United States
|x Economic conditions.
|
| 651 |
|
0 |
|a United States
|x Economic policy.
|
| 650 |
|
2 |
|a Investments
|
| 650 |
|
6 |
|a Taux d'intérêt
|x Effets de l'inflation sur.
|
| 650 |
|
6 |
|a Bourse.
|
| 650 |
|
6 |
|a Inflation
|z États-Unis.
|
| 650 |
|
6 |
|a Investissements.
|
| 650 |
|
6 |
|a Spéculation.
|
| 651 |
|
6 |
|a États-Unis
|x Conditions économiques.
|
| 651 |
|
6 |
|a États-Unis
|x Politique économique.
|
| 650 |
|
7 |
|a Economic history
|2 fast
|
| 650 |
|
7 |
|a Economic policy
|2 fast
|
| 650 |
|
7 |
|a Inflation (Finance)
|2 fast
|
| 650 |
|
7 |
|a Interest rates
|x Effect of inflation on
|2 fast
|
| 650 |
|
7 |
|a Investments
|2 fast
|
| 650 |
|
7 |
|a Speculation
|2 fast
|
| 650 |
|
7 |
|a Stock exchanges
|2 fast
|
| 651 |
|
7 |
|a United States
|2 fast
|1 https://id.oclc.org/worldcat/entity/E39PBJtxgQXMWqmjMjjwXRHgrq
|
| 655 |
|
2 |
|a Documentaries and Factual Films
|
| 655 |
|
7 |
|a documentary film.
|2 aat
|
| 655 |
|
7 |
|a Documentary films
|2 fast
|
| 655 |
|
7 |
|a Short films
|2 fast
|
| 655 |
|
7 |
|a Documentary films.
|2 lcgft
|
| 655 |
|
7 |
|a Short films.
|2 lcgft
|
| 655 |
|
7 |
|a Documentaires.
|2 rvmgf
|
| 655 |
|
7 |
|a Courts métrages.
|2 rvmgf
|
| 700 |
1 |
|
|a Armstrong, Robert,
|e speaker.
|
| 710 |
2 |
|
|a Financial Times Business Ltd.,
|e publisher,
|e production company.
|
| 856 |
4 |
0 |
|u http://proxy.library.tamu.edu/login?url=https://www.aspresolver.com/aspresolver.asp?MARC;5146852
|z Connect to this streaming video (Alexander Street Press)
|t 0
|
| 955 |
|
|
|a Alexander Street Press subscription streaming video
|
| 994 |
|
|
|a 92
|b TXA
|
| 999 |
f |
f |
|s 297eaa69-ca5a-48c8-ab1f-3b15a3c25022
|i d7c7098b-1b28-438b-adb7-6f50826ec94d
|t 0
|
| 952 |
f |
f |
|a Texas A&M University
|b College Station
|c Electronic Resources
|d Available Online
|t 0
|h Library of Congress classification
|
| 998 |
f |
f |
|t 0
|l Available Online
|